000 00417nam a22001697a 4500
003 OSt
005 20210906113529.0
008 210906b |||||||| |||| 00| 0 eng d
020 _a0-7668-0699-5
040 _aDDC
_cHU
082 _25TH
_a338.470573
_b1
100 _aFELDSTEIN PAUL J.
_91785
245 _aHEALTH CARE ECONOMICS
250 _a5TH
260 _aALBANY
_bDELMAR PUBLISHERS
_c1999
942 _2ddc
_cBOOKS
_n0
999 _c2152
_d2152